5HLuxD.jpg

KING HENRY VIII SENIOR AND PRIMARY SCHOOL LIBRARY OPAC

Alliana, girl of dragons / (Record no. 5854)

000 -LEADER
fixed length control field 01271cam a2200325 a 4500
001 - CONTROL NUMBER
control field 1194883
003 - CONTROL NUMBER IDENTIFIER
control field OSt
005 - DATE AND TIME OF LATEST TRANSACTION
control field 20251119082421.0
008 - FIXED-LENGTH DATA ELEMENTS--GENERAL INFORMATION
fixed length control field 240828s2024 nyua c 000 1 eng d
020 ## - INTERNATIONAL STANDARD BOOK NUMBER
International Standard Book Number 9780316300469
Qualifying information (pbk.)
040 ## - CATALOGING SOURCE
Original cataloging agency ABJ
Language of cataloging eng
Transcribing agency ABJ
Modifying agency UAH
-- TWTNM
-- KH8
042 ## - AUTHENTICATION CODE
Authentication code nbic
082 ## - DEWEY DECIMAL CLASSIFICATION NUMBER
Classification number FIC ABE
100 1# - MAIN ENTRY--PERSONAL NAME
Personal name Abe, Julie,
Relator term author.
245 10 - TITLE STATEMENT
Title Alliana, girl of dragons /
Statement of responsibility, etc. Julie Abe ; illustrated by Shan Jiang.
250 ## - EDITION STATEMENT
Edition statement 1st trade pbk. ed.
260 ## - PUBLICATION, DISTRIBUTION, ETC.
Place of publication, distribution, etc. New York ;
-- Boston :
Name of publisher, distributor, etc. Little, Brown and Company,
Date of publication, distribution, etc. 2024.
300 ## - PHYSICAL DESCRIPTION
Extent 318 p. :
Other physical details ill. ;
Dimensions 20 cm.
490 1# - SERIES STATEMENT
Series statement Eva Evergreen ;
Volume/sequential designation 0.5.
520 ## - SUMMARY, ETC.
Summary, etc. Alliana spends her days tending to her stepfamily's inn at the edge of the abyss, but when she rescues an orphaned nightdragon and later helps an apprentice witch, she seizes her chance to escape her stepmother's tyranny and find her own happily ever after.
521 ## - TARGET AUDIENCE NOTE
Target audience note Ages 8-12.
Source Little, Brown and Company.
650 #0 - SUBJECT ADDED ENTRY--TOPICAL TERM
Topical term or geographic name entry element Dragons
Form subdivision Juvenile fiction.
650 #0 - SUBJECT ADDED ENTRY--TOPICAL TERM
Topical term or geographic name entry element Witches
Form subdivision Juvenile fiction.
650 #0 - SUBJECT ADDED ENTRY--TOPICAL TERM
Topical term or geographic name entry element Magic
Form subdivision Juvenile fiction.
650 #0 - SUBJECT ADDED ENTRY--TOPICAL TERM
Topical term or geographic name entry element Fantasy
Form subdivision Juvenile fiction.
650 #0 - SUBJECT ADDED ENTRY--TOPICAL TERM
Topical term or geographic name entry element Orphans
Form subdivision Juvenile fiction.
650 #0 - SUBJECT ADDED ENTRY--TOPICAL TERM
Topical term or geographic name entry element Stepfamilies
Form subdivision Juvenile fiction.
700 1# - ADDED ENTRY--PERSONAL NAME
Personal name Jiang, Shan
Titles and other words associated with a name (Commercial artist)
942 ## - ADDED ENTRY ELEMENTS (KOHA)
Source of classification or shelving scheme
Koha item type Books - Fiction
Holdings
Withdrawn status Lost status Source of classification or shelving scheme Damaged status Not for loan Collection code Permanent Location Current Location Shelving location Date acquired Full call number Barcode Date last seen Price effective from Koha item type
          Fiction KH8 Senior School Library KH8 Senior School Library Fiction 2025-11-19 FIC ABE 3KHSL000102534 2025-11-19 2025-11-19 Books - Fiction

Powered By KH8 IT Dept